000 00511nam a22001817a 4500
003 AM-YeHGA
005 20250617154016.0
008 180411s xxu||||| |||| 00| 0 rus d
040 _aAM-YeHGA
041 0 _arus
100 1 _aАнтокольский, Павел
245 1 0 _aСын :
_bПоэма /
_cПавел Антокольский.
260 _aМосква :
_bПравда,
_c1946.
300 _a31 с.
653 0 _aРусская литература
942 _2udc
_cBK
090 _c404955
999 _c402739
_d402739